MARC

LEADER 00000nam0a2200000 4500
001 204479
005 20231031190051.0
035 |a (RuTPU)RU\TPU\book\222885 
090 |a 204479 
100 |a 20111123d1983 m y0rusy50 ca 
101 0 |a rus 
102 |a RU 
105 |a a z 001zy 
200 1 |a Методы оптимизации сейсморазведки на севере Западной Сибири  |e сборник научных трудов  |f Западно-Сибирский научно-исследовательский геологоразведочный нефтяной институт (ЗапСибНИГНИ); под ред. Л. Ш. Гиршгорна 
210 |a Тюмень  |c Изд-во ЗапСибНИГНИ  |d 1983 
215 |a 108 с.  |c ил. 
225 1 |a Труды  |h Вып. 182 
320 |a Библиография в конце статей 
610 1 |a сейсморазведка 
610 1 |a Западная Сибирь 
610 1 |a методы оптимизации 
610 1 |a исследования 
610 1 |a прогнозирование 
610 1 |a оптимизация 
675 |a 553.98  |v 3 
702 1 |a Гиршгорн  |b Л. Ш.  |4 340 
712 0 2 |a Западно-Сибирский научно-исследовательский геологоразведочный нефтяной институт (ЗапСибНИГНИ)  |c (Тюмень)  |2 stltpush  |3 (RuTPU)RU\TPU\col\2064 
801 1 |a RU  |b 63413507  |c 20111123 
801 2 |a RU  |b 63413507  |c 20111202  |g RCR 
942 |c BK